| Registos Bibliográficos associados ao registo de autoridade |
|
Etiqueta de registo: 00254nam 2200025 450 001 2279734 003 http://id.bnportugal.gov.pt/bib/catbnp/2279734 021 ## $aPT$b546102/25 100 ## $a20260312d2025 m y0pory01030103ba 101 0# $apor 102 ## $aPT 105 ## $ay z 000yy 106 ## $ar 200 1# $aSUI, literacia emocional$fVera Feu Guerreiro 205 ## $a1ª ed 210 #9 $a[S.l.$cs.n.],$d2025 215 ## $a164, [1] p.$d21 cm 675 ## $a133.5$vBN$zpor$3996791 700 #1 $aGuerreiro,$bVera Feu$31991044 801 #0 $aPT$bBN$gRPC 856 41 $uhttp://rnod.bnportugal.gov.pt/ImagesBN/winlibimg.aspx?skey=&doc=2279734&img=221276&save=true 900 ## $aBIBNAC$d20260417 966 ## $lBN$mFGMON$sS.A. 193496 V.$x1 966 ## $lBN$mFGMON$sS.A. 193496 V.-D$x1 971 ## $cssilva$d20260312 972 ## $e0$z0$d20260417$vlrevez 973 ## $csteixeira$d20260410
Etiqueta de registo: 00254nam 2200025 450 001 2288267 003 http://id.bnportugal.gov.pt/bib/catbnp/2288267 010 ## $a978-972-8773-89-2 100 ## $a20260618d2026 m d0pory01030103ba 101 0# $apor 102 ## $aPT 105 ## $aa b 000yy 106 ## $ar 200 1# $aCarmelita Falé$egeometria das cores = geometry of colors$ftexto Sara Coelho, Vera Feu Guerreiro$gfot. Francisco Castelo 210 #9 $aLagos$cCâmara Municipal de Lagos,$dD.L. 2026 215 ## $a[40] p.$cil.$d20 cm 305 ## $aEd. bilingue wem português e inglês 702 #1 $aFalé,$bCarmelita$4040$31789193 702 #1 $94$aCoelho,$bSara$4070$31910013 702 #1 $aGuerreiro,$bVera Feu$4070$31991044 702 #1 $aCastelo,$bFrancisco$4600$3964937 801 #0 $aPT$bBN$gRPC 966 ## $lBN$mFGMON$x1 971 ## $cjbeatriz$d20260618
|
|
|